| 000 | 00593nam a2200181 4500 | ||
|---|---|---|---|
| 001 | 144972 | ||
| 003 | ES-MaACL | ||
| 005 | 20230906201134.0 | ||
| 007 | t| | ||
| 008 | 070214s1966 sp r ||||1| spa d | ||
| 100 | 1 |
_aSmith, T. Stratton. _9106924 |
|
| 245 | 1 | 3 |
_aLa monja rebelde _b: de la revolución rusa al fin del nazismo / _cT. Stratton Smith ; [traducción de Nieves Morón]. |
| 250 | _a[1ª ed.]. | ||
| 260 |
_aBarcelona : _bNoguer, _c[1966] ( _fAgustín Núñez) |
||
| 300 |
_a264 p., 1, 4 h. ; _c21 cm. |
||
| 700 | 1 |
_aMorón, Nieves. _983640 |
|
| 852 |
_aES-MaACL _jC-30292 _bR.60220 |
||
| 999 |
_c144972 _d144972 |
||